Geography Quiz

Random Geography or City Quiz

Glasgow City Areas Quiz Stats

 Plays Quiz not verified by Sporcle

Challenge
Share
Tweet
Embed
Score 0/91 Timer 15:00
0 Plays Today
North of Clyde River Answer % Correct
Maryhill
76.6%
Partick
74.2%
Springburn
59.7%
Easterhouse
56.5%
Maryhill Park
55.6%
Anniesland
54.8%
High Possil
54%
Parkhead
50%
Hyndland
46%
Shettleston
44.4%
Hillhead
43.5%
Bridgeton
42.7%
Drumchapel
41.9%
Cowcaddens
41.1%
Carntyne
39.5%
Yoker
39.5%
Anderston
37.9%
Dennistoun
37.9%
Milton
37.9%
Jordanhill
36.3%
North Kelvinside
36.3%
Kelvinside
35.5%
Scotstoun
34.7%
Knightswood
33.9%
Possilpark
33.9%
Dalmarnock
33.1%
Townhead
30.6%
Tollcross
29.8%
Calton
29%
Carmyle
25.8%
Balornock
25.8%
North of Clyde River Answer % Correct
Kelvindale
25.8%
Royston
25%
Barlanark
24.2%
High Ruchill
24.2%
Ruchill
24.2%
Whiteinch
24.2%
Baillieston
23.4%
Cranhill
23.4%
Ruchazie
23.4%
Summerston
23.4%
Riddrie
22.6%
Robroyston
22.6%
Sighthill
21.8%
Lambhill
21%
Temple
21%
Barmulloch,
20.2%
Garnethill
20.2%
Blackhill
19.4%
Garthamlock
18.5%
Garrowhill
17.7%
Mount Vernon
17.7%
Springboig
16.9%
Woodlands
16.9%
Dowanhill
15.3%
Provanmill
15.3%
Garscadden
14.5%
Broomhill
13.7%
Haghill
12.9%
Swinton
12.9%
Millerston
12.1%
Queenslie
12.1%
North of Clyde River Answer % Correct
Yorkhill
12.1%
Firhill
11.3%
Hamiltonhill
8.9%
Blairdardie
7.3%
Barrowfield
7.3%
Cowlairs
7.3%
Craigend
7.3%
Partickhill
7.3%
Gilshochill
6.5%
Hogganfield
6.5%
Springhill
6.5%
Stobhill
6.5%
Blochairn
5.6%
Greenfield
5.6%
Sandyhills
5.6%
Colston
4.8%
Braidfauld
4%
Camlachie
4%
Auchenshuggle
3.2%
Lightburn
3.2%
Barrachnie
2.4%
Lilybank
2.4%
Botany
1.6%
Netherton
1.6%
Newbank
1.6%
Park District
1.6%
Germistron
0%
Provanhill
0%
Scotstounholl
0%

You're not logged in!

Compare scores with friends on all Sporcle quizzes.
OR
Log In

You Might Also Like...

Show Comments

Extras

Created Jan 8, 2015ReportNominate
Tags:City Quiz, area, clyde, glasgow, north, pace, river

Top Quizzes Today


Score Distribution

Your Account Isn't Verified!

In order to create a playlist on Sporcle, you need to verify the email address you used during registration. Go to your Sporcle Settings to finish the process.

Report this User

Report this user for behavior that violates our Community Guidelines.

Details: